000 00338nam a2200133Ia 4500
008 240624s9999 xx 000 0 und d
041 _aeng
082 _a808.066378 LUN
100 _aLUNENBURG FRED C
245 _aWRITING A SUCCESSFUL THESIS OF DISSERTAT
260 _aNew Delhi
_bCorwin
300 _a333 : p. : cm. ; 24
365 _cRS
999 _c24430
_d24430